Stav povrchu a povrchových vrstiev po obrobení : Bakalárska práca

Gespeichert in:
Bibliographische Detailangaben
1. Verfasser: Tibenský, Tomáš, 1988- (Verfasst von)
Weitere Verfasser: Tomaníčková, Dagmar, 1962- (Betreuung Doktorarbeit)
Format: Manuskript Buch
Sprache:Slowakisch
Veröffentlicht: Trnava : STU v Bratislave MTF UVTE KOM, 2011
Schlagworte:
Online-Zugang:VAIS
Tags: Tag hinzufügen
Keine Tags, Fügen Sie das erste Tag hinzu!

MARC

LEADER 00000ntm a22000003a 4500
001 stu231467
005 20160719160530.0
008 110713s2011----xo------------------slo-d
040 |a STU  |b slo 
041 0 |a slo 
044 |a xo 
100 1 |a Tibenský, Tomáš,  |d 1988-  |4 aut  |X 56777  |7 A000056777 
242 0 0 |a Condition of surface and surface layers after machining  |y eng 
245 1 |a Stav povrchu a povrchových vrstiev po obrobení :  |b Bakalárska práca 
260 |a Trnava :  |b STU v Bratislave MTF UVTE KOM,  |c 2011 
300 |a 47 s., CD-ROM 
650 7 |a technologická dedičnosť  |2 stusub 
650 7 |a povrch  |2 stusub 
650 7 |a drsnosť  |2 stusub 
650 7 |a surface  |2 estusub 
650 7 |a roughness  |2 stusub 
650 7 |a výrobné technológie  |2 stusub 
650 7 |a Production Technologies  |2 estusub 
700 1 |a Tomaníčková, Dagmar,  |d 1962-  |4 ths  |u M3000  |U MTF Materiálovotechnologická fakulta  |T MTF Ústav výrobných technológií  |X 1511  |U M3000  |Y 83  |7 A000001511 
856 4 |a info a plný text  |u http://is.stuba.sk/zp/portal_zp.pl?podrobnosti=57470  |3 VAIS 
996 |c M*BP-5315  |l MMSKP  |s P  |a 0  |w stu231467_0001